000 01205nam a2200349 i 4500
999 _c64487
_d64487
001 768714001
003 CO-MdFUSB
005 20200527164339.0
007 ta
008 741114s1974 pau 00010 eng u
020 _a0800610725
040 _dPTS
_aCO-MdFUSB
_bspa
_cCO-MdFUSB
_erda
041 1 _aeng
_hger
082 _a233.11
_223
_bW527
100 1 0 _aWestermann, Claus.
_eautor
240 1 0 _aSchöpfung.
245 1 0 _aCreation
_c/ Claus Westermann ; traducido por John J. Scullion.
264 1 _aPhiladelphia, USA :
_bFortress Press,
_c[1974]
264 4 _c©1974
300 _a123 páginas ;
_c20 cm.
336 _2rdacontent
_atexto
_btxt
337 _2rdamedia
_asin mediación
_bn
338 _2rdacarrier
_avolumen
_bnc
505 _aAgradecimientos -- Prefacio del traductor -- Prefacio del autor -- Introducción -- 1. Evento primordial -- La creación del mundo y la creación del hombre -- La creación y limites del hombre en Génesis 2-3 -- La ofensa -- Creación y redención
563 _aRùstico
630 0 7 _aBiblia.
650 7 _aCreación
_9251
700 _aScullion, John J.
_etraductor
942 _cBK
945 _aJTF-925